| 000 | 00927nam a22002417a 4500 | ||
|---|---|---|---|
| 003 | UA-OsUOA | ||
| 001 | 51646 | ||
| 007 | ta | ||
| 008 | 20140917b un ||||| |||| 00| 0 ukr d | ||
| 100 | _aКокін С. | ||
| 090 |
_a011 _bК59 |
||
| 942 | _cBK | ||
| 040 |
_aUA-OsUOA _bukr _cUA-OsUOA _dUA-OsUOA |
||
| 245 |
_aАнотований покажчик документів з історії ОУН і УПА у фондах Державного архіву СБУ _bВипуск І _cАнотований покажчик документів з фонду друкованих видань (1944-1953) |
||
| 300 | _a207 с. | ||
| 955 | _a1 | ||
| 041 | _aukr | ||
| 080 | _a011 | ||
| 260 |
_aК. _c2000 |
||
| 650 | 7 |
_a01 Бібліографія і бібліографії. Каталоги _2UDC |
|
| 999 |
_c431771 _d431771 |
||